Společenská odpovědnost a korektní podnikání

Presadzovanie princípov, ako sú zodpovednosť a transparentnosť v aktivitách organizácie, zhoda činností organizácie s medzinárodnými štandardmi a národnou legislatívou v rámci podnikania. Princípy spoločenskej zodpovednosti - CSR- ako súčasť firemnej stratégie. Kódex korektného podnikania.

Salvato in:
Dettagli Bibliografici
Natura: Capitolo di libro
Lingua:ceco
Soggetti:
Tags: Aggiungi Tag
Nessun Tag, puoi essere il primo ad aggiungerne!!

MARC

LEADER 00000naa$a2200000$$$4500
001 0071777
005 20231128134536.4
041 0 |a cze 
044 |a CZ 
245 1 0 |a Společenská odpovědnost a korektní podnikání 
520 |a Presadzovanie princípov, ako sú zodpovednosť a transparentnosť v aktivitách organizácie, zhoda činností organizácie s medzinárodnými štandardmi a národnou legislatívou v rámci podnikania. Princípy spoločenskej zodpovednosti - CSR- ako súčasť firemnej stratégie. Kódex korektného podnikania. 
610 2 0 |a podnikanie 
610 2 0 |a organizácie 
610 2 0 |a firmy 
610 2 0 |a zodpovednosť spoločenská 
610 2 0 |a kvalita 
610 2 0 |a prostredie podnikateľské 
610 2 0 |a služby 
610 2 0 |a tovar 
610 2 0 |a informácie 
610 2 0 |a kódexy 
610 2 0 |a spotrebitelia 
610 2 0 |a legislatíva